000 00674nam a2200241Ia 4500
003 OSt
005 20220918193016.0
006 a|||||r|||| 00| 0
007 ta
008 220917b |||||||| |||| 00| 0 eng d
024 _a71,498
037 _cTextual
040 _aARTS
_cARTS
_beng
041 _2eng
_aeng
082 _aR4, J91 (ER)
100 _aBrandt Richard B
_978391
245 0 _aEthical theory problems of normative and critical ethics
260 _aNew Jersey
_bPrentice Hall
_c1959
490 _aPrentice hall philosophy series
650 _aETHICS
942 _hR4, J91 (ER)
_cTEXL
_2CC
999 _c197571
_d197571